| 000 | 00557nam a22002177a 4500 | ||
|---|---|---|---|
| 999 |
_c459649 _d459649 |
||
| 001 | 216218709 | ||
| 003 | UA-OsUOA | ||
| 005 | 20200624103240.0 | ||
| 008 | 200624b un ||||| |||| 00| 0 ukr d | ||
| 040 |
_aUA-OsUOA _bukr _cUA-OsUOA _dUA-OsUOA |
||
| 041 | _aukr | ||
| 080 | _a821.161.2 | ||
| 090 |
_a821.161.2 _bД46 |
||
| 100 | _aДімаров А | ||
| 245 |
_aВершники _bповісті _cАнатолій Дімаров |
||
| 260 |
_aКиїв _bДніпро _c1985 |
||
| 300 | _a211 с. | ||
| 650 | _2821 | ||
| 942 |
_2udc _cBK |
||
| 955 | _a3 | ||